000 00331nam a2200145Ia 4500
008 191201s2014 xx 000 0 und d
082 _a624.1821
_bNED
100 _aNEGI, LS
245 0 _aDesign of Steel Structures
250 _a2nd
260 _aN. Delhi
_bTMH
_c2014
300 _a317
650 _aB.Tech(CE)
942 _2ddc
_cBK
999 _c5903
_d5903